Statistics for 10 Biggest Cities in Order: Canada

Click here to take the quiz!

General Stats

  • This quiz has been taken 112 times
    (101 since last reset)
  • The average score is 7 of 10

Answer Stats

#Answer% Correct
1Toronto
100%
2Montreal
98%
3Calgary
87%
5Edmonton
87%
4Ottawa
83%
8Vancouver
70%
7Winnipeg
60%
6Mississauga
40%
10Hamilton
35%
9Brampton
20%

Score Distribution

Percentile by Number Answered

Percent of People with Each Score

Your Score History

You have not taken this quiz since the last reset